The Twelve Zodiac Star Signs - Statistics

General Stats
  • This quiz has been taken 1,096 times
  • The average score is 9 of 12
Answer Stats
Hint Answer % Correct
January 20 to February 18 Aquarius
81%
May 21 to June 20 Gemini
79%
June 21 to July 22 Cancer
78%
July 23 to August 22 Leo
78%
March 21 to April 19 Aries
76%
February 19 to March 20 Pisces
76%
April 20 to May 20 Taurus
76%
August 23 to September 22 Virgo
71%
December 21 to January 19 Capricorn
70%
September 23 to October 22 Libra
69%
October 23 to November 21 Scorpio
67%
November 22 to December 21 Sagittarius
61%
No matching quizzes found
Score Distribution
Percent of People with Each Score
Percentile by Number Answered
Your Score History
You have not taken this quiz